| 000 | 01516nam0a22002651 4500 | ||
|---|---|---|---|
| 001 | rc\3462822 | ||
| 005 | 20250610121827.0 | ||
| 021 |
_aRU _b[74-81407] |
||
| 035 | _a(NLR Aleph) 007896525 | ||
| 090 |
_a8011058 _c8011058 |
||
| 100 | _a20130115d1974 |||y0rusy50 ca | ||
| 101 | 0 | _arus | |
| 102 | _aRU | ||
| 105 | _ay z ||||| | ||
| 200 | 1 |
_aТезисы XVI объединенной научной студенческой конференции медицинских учреждений Прибалтийских советских социалистических республик Белорусской ССР _fТарт. гос. ун-т |
|
| 210 |
_aТарту _cБ. и. _d1974 |
||
| 215 |
_a188 с. _d20 |
||
| 532 | 1 | 1 | _aТезисы Шестнадцатой объединенной научной студенческой конференции медицинских учреждений Прибалтийских советских социалистических республик Белорусской ССР |
| 606 |
_aМедицина _jТезисы докладов _2psbo |
||
| 710 | 1 | 2 | _aОбъединенная студенческая науч. конференция высших медицинских учебных заведений Прибалтийских советских социалистических республик и БССР (16; 1974; Тарту) |
| 801 | 0 |
_aRU _bNLR _gpsbo |
|
| 801 | 1 |
_aRU _bELAR _2rusmarc |
|
| 852 |
_aNLR _j74-3/4015 |
||
| 942 | _cBOOK | ||
| 980 | _aNB | ||